Loading...
| Beliefs | 3 | 1 | 1 | 0 | 50 | 31 | 61.50 | 3 | 4 | 16.57 | 27.69 |
| History - World | 3 | 1 | 2 | 1 | 45 | 28 | 53.25 | 1 | 3 | 22.32 | 26.00 |
| Auditory Arts | 1 | 3 | 2 | 2 | 35 | 52 | 103.75 | 0 | 1 | 9.92 | 15.56 |
| History - European | 2 | 2 | 4 | 1 | 30 | 39 | 68.50 | 1 | 4 | 22.09 | 26.67 |
| Social Science | 0 | 2 | 0 | 0 | 20 | 77 | 83.00 | 0 | 2 | 4.43 | 8.00 |
| History - Other | 0 | 2 | 0 | 0 | 20 | 81 | 86.50 | 0 | 0 | 13.37 | 16.00 |
| Literature - American | 0 | 2 | 0 | 0 | 20 | 77 | 86.50 | 1 | 2 | 8.67 | 14.00 |
| History - American | 1 | 1 | 2 | 2 | 15 | 30 | 72.00 | 0 | 1 | 8.61 | 11.11 |
| Literature - World | 1 | 0 | 0 | 0 | 15 | 59 | 59.00 | 1 | 1 | 6.46 | 11.11 |
| Current Events | 0 | 1 | 0 | 0 | 10 | 106 | 106.00 | 0 | 1 | 5.07 | 26.67 |
| Literature - British | 0 | 1 | 0 | 1 | 10 | 139 | 139.00 | 1 | 1 | 0.08 | 11.11 |
| Philosophy | 0 | 1 | 0 | 0 | 10 | 78 | 78.00 | 0 | 1 | 3.64 | 2.22 |
| Other Academic | 0 | 1 | 0 | 0 | 10 | 100 | 100.00 | 0 | 0 | 7.29 | 13.33 |
| History - Ancient | 0 | 1 | 2 | 0 | 0 | 89 | 89.00 | 0 | 0 | 7.62 | 10.00 |
| Fine Arts - Other Arts | 0 | 1 | 2 | 1 | 0 | 130 | 130.00 | 0 | 0 | 0.15 | 2.00 |